000 002850000a22000970004500
100 1 _aHamilton, Tim
245 1 0 _aTall oder : Clare Short has put international development at the heart of british politics
300 _aNum. 79 (1997), Páginas 12-14
773 0 _tTeartimes
942 _cANA
999 _c55829
_d55829